000 00347nam a2200133Ia 4500
008 151015s9999 xx 000 0 und d
020 _a9966980105
050 _aP MLC 2003
245 _aNjau Rebeka
250 _a_The sacred seed Rebeka Njau
300 _aNairobi Books Horizon 2003
650 _a_Story
700 _a^d20110420 11:53:26^okorir
999 _c1784
_d1784